| 000 | 00515nam a22001937a 4500 | ||
|---|---|---|---|
| 003 | OSt | ||
| 005 | 20160705150901.0 | ||
| 008 | 160705b xxu||||| |||| 00| 0 eng d | ||
| 020 | _a9780723433965 | ||
| 040 | _cDNLM. | ||
| 082 | _aQZ4B317f 2009. | ||
| 100 |
_aBateman,adrian;Carr,Norman; _99964 |
||
| 245 | _aFlesh and Bones of Pathology. | ||
| 260 |
_aLondon. _bMosby, _c2009. |
||
| 300 |
_a145p; _bcol,ill; _c27cm. |
||
| 504 | _aglossary and index are included. | ||
| 650 |
_aPathology. _937 |
||
| 942 |
_2z _cO_SHELF |
||
| 999 |
_c4638 _d4638 |
||